| 000 | 01032nam a22001697a 4500 | ||
|---|---|---|---|
| 005 | 20241204152338.0 | ||
| 008 | 230711b ||||| |||| 00| 0 eng d | ||
| 040 | _cSSBUL | ||
| 082 |
_223 _a၃၀၂.၂၃ နိုင် _b၁၆၁၃၆ (S-SAT) |
||
| 245 | _aနိုင်ငံတော်ငြိမ်ဝပ်ပိပြားမှုတည်ဆောက်ရေးအဖွဲ့အတွင်းရေးမှူး(၁)ဗိုလ်ချုပ်ခင်ညွှန့် ပြည်တွင်းပြည်ပ.../ | ||
| 260 |
_aရန်ကုန် ၊ _bကြေးမုံသတင်းစာတိုက်၊ _c၁၉၉၁။ |
||
| 300 |
_a၈၆ စာမျက်နှာ၊ _bဓာတ်ပုံများ၊ _c၂၃ စင်တီ။ |
||
| 500 | _a S-SAT: Dr. Sai Aung Tun Collection | ||
| 650 |
_aသတင်းစာရှင်းလင်းပွဲ။ _927768 |
||
| 651 |
_aမြန်မာနိုင်ငံ _vတပ်မတော်။ _927769 |
||
| 942 |
_2ddc _cBK1 _e23 |
||
| 999 |
_c27036 _d27036 |
||